Chromatografická separácia fruktozyltransférázy

Guardado en:
Detalles Bibliográficos
Autor principal: Belorit, Ján
Formato: Libro
Lenguaje:eslovaco
Publicado: Bratislava STU FCHPT 2011
Acceso en línea:Ver en el OPAC
Etiquetas: Agregar Etiqueta
Sin Etiquetas, Sea el primero en etiquetar este registro!

MARC

LEADER 00000nam a2200000 a 4500
005 20260127134056.0
008 110628 2011 xo 000 0 slo d
035 |a vtls010289119 
039 9 |y 201106281027  |z mschk03 
040 |a STUSCHK1  |b slo  |c STUSCHK1  |e AACR2 
100 1 |a Belorit, Ján 
245 1 |a Chromatografická separácia fruktozyltransférázy  |c Ján Belorit 
260 |a Bratislava  |b STU FCHPT  |c 2011 
300 |a 34 s.  |b il.  |c 30cm 
500 |a Obháj.: 8.6. 2011 
500 |a Študijný program: chemické inžinierstvo 
500 |a Študijný odbor: 5.2.17 chemické inžinierstvo 
500 |a Miesto vypracovania: Oddelenie chemického a biochemického inžinierstva, FCHPT 
500 |a Evidenčné číslo: FCHPT-5433-25157 
910 |a SCHK95 
999 |c 3484  |d 3484